<?xml version="1.0" encoding="UTF-8"?>
<record
    xmlns:xsi="http://www.w3.org/2001/XMLSchema-instance"
    xsi:schemaLocation="http://www.loc.gov/MARC21/slim http://www.loc.gov/standards/marcxml/schema/MARC21slim.xsd"
    xmlns="http://www.loc.gov/MARC21/slim">

  <leader>01466nab a2200265 i 4500</leader>
  <controlfield tag="003">DO-SdBNP</controlfield>
  <controlfield tag="005">20250603114330.0</controlfield>
  <controlfield tag="007">ta</controlfield>
  <controlfield tag="008">250603e1993    dr bn|p|r||||||0| | spa d</controlfield>
  <datafield tag="040" ind1=" " ind2=" ">
    <subfield code="a">DO-SdBNP</subfield>
    <subfield code="b">spa</subfield>
    <subfield code="c">BNPHU</subfield>
    <subfield code="e">rda</subfield>
  </datafield>
  <datafield tag="041" ind1=" " ind2=" ">
    <subfield code="h">spa</subfield>
  </datafield>
  <datafield tag="100" ind1=" " ind2=" ">
    <subfield code="a">Tolentino, Marianne de,</subfield>
    <subfield code="d">1951-</subfield>
    <subfield code="9">73333</subfield>
  </datafield>
  <datafield tag="245" ind1=" " ind2=" ">
    <subfield code="a">La galer&#xED;a Nacional de Bellas Artes /  </subfield>
    <subfield code="c">Marianne de Tolentino.</subfield>
  </datafield>
  <datafield tag="264" ind1=" " ind2=" ">
    <subfield code="a">Santo Domingo, Rep&#xFA;blica Dominicana : </subfield>
    <subfield code="b">Direcci&#xF3;n General de Bellas Artes,</subfield>
    <subfield code="c">1993. </subfield>
  </datafield>
  <datafield tag="300" ind1=" " ind2=" ">
    <subfield code="a">p&#xE1;gina 8 : </subfield>
    <subfield code="b">ilustraciones, pintura ; </subfield>
    <subfield code="c">28 cm.</subfield>
  </datafield>
  <datafield tag="310" ind1=" " ind2=" ">
    <subfield code="a">Bimestral.</subfield>
  </datafield>
  <datafield tag="336" ind1=" " ind2=" ">
    <subfield code="a">texto</subfield>
    <subfield code="b">txt</subfield>
    <subfield code="2">rdacontent</subfield>
  </datafield>
  <datafield tag="337" ind1=" " ind2=" ">
    <subfield code="a">sin mediaci&#xF3;n </subfield>
    <subfield code="b">n</subfield>
    <subfield code="2">rdamedia</subfield>
  </datafield>
  <datafield tag="338" ind1=" " ind2=" ">
    <subfield code="a">volumen</subfield>
    <subfield code="b">nc</subfield>
    <subfield code="2">rdacarrier</subfield>
  </datafield>
  <datafield tag="362" ind1=" " ind2=" ">
    <subfield code="a">A&#xF1;o 3. No. 7 enero-febrero, 1993).</subfield>
  </datafield>
  <datafield tag="521" ind1=" " ind2=" ">
    <subfield code="a">En 1963, la profesora muse&#xF3;loga y poeta, Aida Cartagena Portalat&#xED;n, escrib&#xED;a: "Hoy, en la segunda mitad del siglo XX, nos encontramos en la Galeria Nacional del Palacio de Bellas Artes. La reinstalaci&#xF3;n y apertura de nuevas salas ofrecen un panorama m&#xE1;s amplio al visitante y al estudioso. Reflejan a su manera, el conjunto de disciplinas que son la base principal de nuestras artes pl&#xE1;sticas". A continuaci&#xF3;n, la importante intelectual dominicana explicaba c&#xF3;mo hab&#xED;a organizado las distintas salas.</subfield>
  </datafield>
  <datafield tag="650" ind1=" " ind2="0">
    <subfield code="a">Bellas artes</subfield>
    <subfield code="9">62514</subfield>
    <subfield code="v">Publicaciones peri&#xF3;dicas </subfield>
    <subfield code="x">Galer&#xED;a </subfield>
    <subfield code="z">Rep&#xFA;blica Dominicana</subfield>
  </datafield>
  <datafield tag="773" ind1="0" ind2=" ">
    <subfield code="0">36604</subfield>
    <subfield code="9">278916</subfield>
    <subfield code="o">37114-3-7-I</subfield>
    <subfield code="t">Auditorium.</subfield>
    <subfield code="w">(DO-SdBNP)000037114</subfield>
  </datafield>
  <datafield tag="942" ind1=" " ind2=" ">
    <subfield code="2">ddc</subfield>
    <subfield code="c">ISSUE</subfield>
  </datafield>
  <datafield tag="999" ind1=" " ind2=" ">
    <subfield code="c">59130</subfield>
    <subfield code="d">59130</subfield>
  </datafield>
</record>
